Masques et bouffons (Record no. 172199)

MARC details
000 -LEADER
campo de control de longitud fija 00675nam a22001815i 4500
001 - NÚMERO DE CONTROL
campo de control 172199
003 - IDENTIFICADOR DE NÚMERO DE CONTROL
campo de control ES-MaACL
005 - FECHA Y HORA DE LA ÚLTIMA TRANSACCIÓN
campo de control 20230906214834.0
008 - DATOS DE LONGITUD FIJA--INFORMACIÓN GENERAL
campo de control de longitud fija 090617s1862 fr |||| | fre d
100 1# - ENTRADA PRINCIPAL--NOMBRE DE PERSONA
Nombre de persona Sand, Maurice.
9 (RLIN) 103063
245 10 - MENCIÓN DEL TÍTULO
Título Masques et bouffons
Resto del título : (comédie italienne) /
Mención de responsabilidad, etc. texte et dessins par Maurice Sand ; gravures par A. Manceau ; preface par George Sand.
260 ## - PUBLICACIÓN, DISTRIBUCIÓN, ETC.
Lugar de publicación, distribución, etc. Paris :
Nombre del editor, distribuidor, etc. A. Lévy Fils,
Fecha de publicación, distribución, etc. 1862.
300 ## - DESCRIPCIÓN FÍSICA
Extensión 2 v. :
Otras características físicas il. ;
Dimensiones 27 cm.
700 1# - ENTRADA AGREGADA--NOMBRE PERSONAL
Nombre de persona Manceau, A.
9 (RLIN) 140760
700 1# - ENTRADA AGREGADA--NOMBRE PERSONAL
Nombre de persona Sand, George,
Fechas asociadas al nombre 1804-1876
9 (RLIN) 103060
852 ## - LOCALIZACIÓN
Ubicación ES-MaACL
Número de control de estantería F-11526-27
Nota libre .- Sello y dedicatoria autógrafa de Narciso Campillo
Holdings
Estatus retirado Estado de pérdida Estado de daño No para préstamo Colección Biblioteca de origen Biblioteca actual Ubicación en estantería Fecha de adquisición Fuente de adquisición Total de préstamos Signatura topográfica completa Código de barras Visto por última vez Precio de reemplazo Tipo de ítem Koha
        Libros del s. XIX Biblioteca del Ateneo de Madrid Biblioteca del Ateneo de Madrid Sala Pecera Planta 2 17/06/2009     F-11526-27 1180709 23/02/2023 23/02/2023 Libro impreso antiguo